El maravilloso viaje a través de la noche / (Record no. 168867)

MARC details
000 -CABECERA
campo de control de longitud fija 00677nam a2200205 a 4500
005 - FECHA Y HORA DE LA ÚLTIMA TRANSACCIÓN
campo de control 20240910063931.0
008 - ELEMENTOS DE LONGITUD FIJA--INFORMACIÓN GENERAL
campo de control de longitud fija 140402s2001 es r 000 0 spa d
020 ## - NÚMERO INTERNACIONAL NORMALIZADO PARA LIBROS
Número Internacional Estándar del Libro 8485334620
035 ## - NÚMERO DE CONTROL DEL SISTEMA
Número de control de sistema UPN01000196766
049 ## - COLECCIÓN
Colección I
050 #4 - SIGNATURA TOPOGRÁFICA DE LA BIBLIOTECA DEL CONGRESO
Número de clasificación PT2708 E4.6
Número de documento/Ítem M3.7
100 1# - ASIENTO PRINCIPAL--NOMBRE PERSONAL
Nombre de persona Heine, Helme,
Fechas asociadas al nombre 1941-
9 (RLIN) 34071
245 13 - MENCIÓN DE TÍTULO
Título El maravilloso viaje a través de la noche /
Mención de responsabilidad, etc. Helme Heine ; tr. L. Rodríguez López.
260 ## - PUBLICACIÓN, DISTRIBUCIÓN, ETC.
Lugar de publicación, distribución, etc. Salamanca, Esp. :
Nombre del editor, distribuidor, etc. Lóguez,
Fecha de publicación, distribución, etc. [2001].
300 ## - DESCRIPCIÓN FÍSICA
Extensión [22] p. :
Otras características físicas principalmente il. col.
534 ## - NOTA SOBRE LA VERSIÓN ORIGINAL
Frase introductoria Título original :
Mención de título del original Die wunderbare reise durch die nacht
650 #4 - ASIENTO SECUNDARIO DE MATERIA - TERMINO TEMATICO
Término de materia o nombre geográfico como elemento de entrada Cuentos infantiles alemanes
9 (RLIN) 8589
650 #0 - ASIENTO SECUNDARIO DE MATERIA - TERMINO TEMATICO
Término de materia o nombre geográfico como elemento de entrada Sueños
9 (RLIN) 1571
905 ## - TIPO DE MATERIAL
Tipo de material Infantil
Holdings
Estado de retiro Estado de pérdida Fuente del sistema de clasificación o colocación Estado dañado No para préstamo Código de colección Localización permanente Ubicación/localización actual Ubicación en estantería Fecha de adquisición Clasificación Código de barras Fecha visto por última vez Número de copia Tipo de ítem Koha Total de préstamos
    Library of Congress Classification     Infantil Bib. Gregorio Torres Quintero Bib. Gregorio Torres Quintero Sala infantil Planta baja 10/05/2023 PT2708 E4.6 M3.7 297700 31/12/2020 1 Libro  
    Library of Congress Classification     Infantil Bib. Gregorio Torres Quintero Bib. Gregorio Torres Quintero Sala infantil Planta baja 10/05/2023 PT2708 E4.6 M3.7 296416 31/12/2020 1 Libro 2